Normal view
MARC view
Entry Término temático
001 - NÚMERO DE CONTROL
- campo de control: 176064
003 - IDENTIFICADOR DEL NÚMERO DE CONTROL
- campo de control: OSt
005 - FECHA Y HORA DE LA ÚLTIMA TRANSACCIÓN
- campo de control: 20220601055029.0
008 - DATOS DE LONGITUD FIJA
- campo de control de longitud fija: 220601|| aca||aabn | a|a d
040 ## - FUENTE DE LA CATALOGACIÓN
- Centro catalogador/agencia de origen: OSt
- Centro/agencia transcriptor: OSt
150 ## - ENCABEZAMIENTO--TÉRMINO DE MATERIA
- Término de materia o nombre geográfico como elemento de entrada: 1. Trigo-Producción2. Trigo-Guanajuato3. Trigo-Investigación
670 ## - FUENTE DE DATOS ENCONTRADOS
- Cita de la fuente: Work cat.: (OSt)209507: Gomez Cruz, Manuel Ángel 49661, El Proceso Global de la Producción de Trigo en el Bajio Guanajuatense / Manuel A. Gómez Cruz y Otros
